David, the Israeli champion. [syllabus] (Record no. 3760)

000 -LEADER
fixed length control field 00620nam a2200193 a 4500
001 - CONTROL NUMBER
control field :::00001495$&:&@@
003 - CONTROL NUMBER IDENTIFIER
control field OkBaRHE
005 - DATE AND TIME OF LATEST TRANSACTION
control field 20000607103244.0
008 - FIXED-LENGTH DATA ELEMENTS--GENERAL INFORMATION
fixed length control field s1986 j 000 0 eng u
040 ## - CATALOGING SOURCE
Transcribing agency
100 1# - MAIN ENTRY--PERSONAL NAME
Personal name Sumrall, Lester, 1913-
245 10 - TITLE STATEMENT
Title David, the Israeli champion. [syllabus]
260 ## - PUBLICATION, DISTRIBUTION, ETC. (IMPRINT)
Place of publication, distribution, etc South Bend, IN., :
Name of publisher, distributor, etc LeSEA Publishing Co.
Date of publication, distribution, etc c1986
300 ## - PHYSICAL DESCRIPTION
Extent 47 p. ;
Dimensions 29 cm.
650 ## - SUBJECT ADDED ENTRY--TOPICAL TERM
Topical term or geographic name as entry element David, King of Israel.
700 ## - ADDED ENTRY--PERSONAL NAME
Personal name World Harvest School of Continuous Learning.
942 ## - ADDED ENTRY ELEMENTS (KOHA)
Source of classification or shelving scheme
Koha item type Books
Copies
Lost status Copy number Full call number Source of classification or shelving scheme Withdrawn status Koha item type Not for loan Date acquired Date last seen Price effective from Barcode Permanent Location Shelving location Damaged status
 1BS 580 .S97  Books 2010-04-142018-03-122010-04-141495RHEMA Bible Training CollegeGeneral Stacks